Tapestry /

Bibliographic Details
Main Author: Plain, Belva
Format: Book
Language:English
Published: New York : Delacorte Press, 1988.

MARC

Tag First Indicator Second Indicator Subfields
LEADER 00000cam a22000008a 4500
001 in00000036195
005 20151007055409.0
008 870811s1988 nyu 00011 eng
010 |a  87022346  
020 |a 0385296304 
035 |a (OCoLC)16577645 
035 |9 AAB8136AM 
040 |a DLC  |c DLC  |d TXA  |d UtOrBLW 
049 |a TXAM  |c [A11116366] 
050 0 0 |a PS3566.L254  |b T37 1988 
082 0 |a 813/.54  |2 19 
100 1 |a Plain, Belva. 
245 1 0 |a Tapestry /  |c Belva Plain. 
263 |a 8804 
264 1 |a New York :  |b Delacorte Press,  |c 1988. 
300 |a 440 pages 
336 |a text  |b txt  |2 rdacontent 
337 |a unmediated  |b n  |2 rdamedia 
338 |a volume  |b nc  |2 rdacarrier 
999 |a MARS 
999 f f |s bccae9c7-72a2-33cc-a856-ea34ba72a6b5  |i dc4e3851-579b-393f-afb3-44aad4a47035  |t 0 
952 f f |p ric  |a Texas A&M University  |b Rellis Campus  |c Joint Library Facility  |d Remote Storage  |t 0  |e PS3566.L254 T37 1988  |h Library of Congress classification  |i unmediated -- volume  |m A14826154604 
998 f f |a PS3566.L254 T37 1988  |t 0  |l Remote Storage